Statistics for Modern-Day Countries of the Songhai Empire on a Map

Click here to take the quiz!

General Stats

  • This quiz has been taken 2,246 times
  • The average score is 9 of 9

Answers on the Map

Answers color-coded by a green-red scale on the quiz's map according to % correct below.
 

Answer Stats

Answer% Correct
Mali
100%
Niger
99%
Nigeria
98%
Senegal
98%
Burkina Faso
97%
Mauritania
97%
Benin
96%
Gambia
96%
Guinea
95%

Score Distribution

Percentile by Number Answered

Percent of People with Each Score

Your Score History

You have not taken this quiz